Chuyển giao qui trình kỹ thuật sản xuất lúa và so sánh hiệu quả kinh tế với qui trình sản xuất của Nông dân= Transfering new technocal process of rice production and comparing economic effect to farmers' practice Luận án Thạc sĩ chuyên ngành Nông học
Salvato in:
| Autore principale: | |
|---|---|
| Natura: | Libro |
| Lingua: | Undetermined |
| Pubblicazione: |
Cần Thơ
Khoa Nông nghiệp- Trường ĐH Cần Thơ
2004
|
| Soggetti: | |
| Tags: |
Aggiungi Tag
Nessun Tag, puoi essere il primo ad aggiungerne! !
|
| Thư viện lưu trữ: | Trung tâm Học liệu Trường Đại học Cần Thơ |
|---|
| LEADER | 00802nam a2200181Ia 4500 | ||
|---|---|---|---|
| 001 | CTU_123209 | ||
| 008 | 210402s9999 xx 000 0 und d | ||
| 082 | |a 633.18 | ||
| 082 | |b Ch513 | ||
| 100 | |a Nguyễn, Kim Chung | ||
| 245 | 0 | |a Chuyển giao qui trình kỹ thuật sản xuất lúa và so sánh hiệu quả kinh tế với qui trình sản xuất của Nông dân= Transfering new technocal process of rice production and comparing economic effect to farmers' practice | |
| 245 | 0 | |b Luận án Thạc sĩ chuyên ngành Nông học | |
| 245 | 0 | |c Nguyễn Kim Chung | |
| 260 | |a Cần Thơ | ||
| 260 | |b Khoa Nông nghiệp- Trường ĐH Cần Thơ | ||
| 260 | |c 2004 | ||
| 650 | |a Rice | ||
| 980 | |a Trung tâm Học liệu Trường Đại học Cần Thơ | ||